Načítá se...

SAP HR time management, technical reference and learning guide

Podrobná bibliografie
Hlavní autor: Agarwal, P K
Médium: Printed Book
Vydáno: Prentice-Hall of India Pvt. Ltd., New Delhi 2008
Témata:
LEADER 00615nam a2200193 4500
020 |a 9  |c 550 
082 |a R 005 AGA 
100 |a Agarwal, P K 
245 |a SAP HR time management, technical reference and learning guide  |c Agarwal, P K 
250
260 |a Prentice-Hall of India Pvt. Ltd., New Delhi  |c 2008 
300 |a 640 p 
490
500
590 |a Modern Book Centre  |b MBC-0870/08 dtd 28/07/2008 
650 |a Software Engineering 
942 |c BK 
999 |c 140999  |d 140999 
952 |0 0  |1 0  |4 0  |6 R_005_000000000000000_AGA  |7 0  |9 154459  |a IMK  |b IMK  |g 550.00  |l 0  |o R 005 AGA  |p IMK08005  |r 2019-10-25  |w 2019-10-25  |y BK